Statistics for Lake Constance Cities on a Map

Click here to take the quiz!

General Stats

  • This quiz has been taken 35 times
  • The average score is 6 of 11

Answers on the Map

Answers color-coded by a green-red scale on the quiz's map according to % correct below.
 

Answer Stats

PopulationCity% Correct
84,760Constance
100%
29,806Bregenz
74%
60,865Friedrichshafen
74%
25,490Lindau
74%
31,203Radolfzell
52%
11,165Romanshorn
45%
22,554Überlingen
45%
21,997Kreuzlingen
42%
14,633Arbon
39%
13,632Hard
39%
9,439Rorschach
39%

Score Distribution

Percentile by Number Answered

Percent of People with Each Score

Your Score History

You have not taken this quiz